| 000 | 01004cam a2200241 4500 | ||
|---|---|---|---|
| 008 | 000000n2000 000 0 eng u | ||
| 020 | _a0419252800 | ||
| 035 | _a(Sirsi) u105592 | ||
| 050 |
_a696 _c18 |
||
| 100 | _aBownass, David | ||
| 245 |
_aBuilding services design methodology _ba practical guide |
||
| 260 |
_aLondon _bE and F N Spon _c2000 |
||
| 300 |
_axvi, 156p. _c24cm. |
||
| 350 | _a27.50 | ||
| 520 | _aA practical guide, defining the building services design process from the feasibility stage through to post construction design feedback. Areas covered include how compliant and creative design solutions are matched to the client's project requirements, encouraging design success and repair work. All advice is set in the current legal and contractual context. | ||
| 650 | _aDESIGN BRIEFS | ||
| 650 | _aMANAGEMENT-PROJECT MANAGEMENT | ||
| 650 | _aFEASIBILITY STUDIES | ||
| 650 |
_aContracts _96232 |
||
| 650 | _aCLIENT BRIEFING | ||
| 690 | _aBUILT ENVIRONMENT | ||
| 942 | _n0 | ||
| 999 |
_c100431 _d100431 |
||